[Event "ASKO Klubbmesterskap 2008 A"]
[Site "Oslo"]
[Date "2008.02.05"]
[Round "1"]
[White "Ali, Karim"]
[Black "Olsen, Andrei"]
[Result "1-0"]
[WhiteElo "1575"]
[BlackElo "1525"]
[PlyCount "107"]
[EventDate "2008.??.??"]

1. e4 e6 2. d4 d5 3. e5 c5 4. c3 Nc6 5. Nf3 Qb6 6. Bd3 cxd4 7. cxd4 Bd7 8. O-O
Nxd4 9. Nxd4 Qxd4 10. Nc3 a6 11. Qe2 Ne7 12. Kh1 Nc6 13. f4 Nb4 14. Bb1 Bc5 15.
a3 Nc6 16. Bd3 g5 17. Nd1 gxf4 18. Bxf4 Ba7 19. Nc3 O-O-O 20. Rad1 Qb6 21. b4
Nd4 22. Qb2 Kb8 23. Rc1 Nb5 24. Nxd5 Qd4 25. Qxd4 Bxd4 26. Nf6 Nxa3 27. Nxd7+
Rxd7 28. Be4 Nb5 29. Rfd1 h5 30. Rc4 Rhd8 31. Bf3 Na3 32. Rcc1 Bb2 33. Rxd7
Rxd7 34. Rd1 Rxd1+ 35. Bxd1 h4 36. Bh5 f6 37. exf6+ Kc8 38. f7 Bg7 39. Bd6 Kd7
40. f8=Q Bxf8 41. Bxf8 Nc2 42. Bc5 b6 43. Bxb6 Nxb4 44. Be2 Nd5 45. Ba5 Nc7 46.
Bxc7 Kxc7 47. Bxa6 Kd6 48. Kg1 Ke5 49. Kf2 Kf4 50. Bb7 e5 51. Bc6 e4 52. g3+
Kg4 53. Bxe4 Kh3 54. Bf5+ 1-0

[Event "ASKO Klubbmesterskap 2008 A"]
[Site "Oslo"]
[Date "2008.02.05"]
[Round "1"]
[White "Øhman, Kjell Tage"]
[Black "Hole, Øystein"]
[Result "0-1"]
[WhiteElo "1572"]
[BlackElo "2360"]
[PlyCount "66"]
[EventDate "2008.??.??"]

1. c4 Nf6 2. Nc3 c5 3. Nf3 b6 4. g3 Bb7 5. Bg2 e6 6. O-O Be7 7. d4 cxd4 8. Qxd4
O-O 9. e4 Nc6 10. Qd3 d6 11. Bf4 Qb8 12. Rfd1 Rd8 13. a3 a6 14. b4 a5 15. Rab1
axb4 16. axb4 Ne5 17. Qe2 Rc8 18. Nd2 Ba6 19. b5 Bb7 20. Ra1 Qc7 21. Rxa8 Rxa8
22. Rc1 Nfd7 23. Be3 Nc5 24. f4 Ned3 25. Rf1 Bf6 26. Nd1 Ra2 27. Nf2 Nxf2 28.
Rxf2 Nxe4 29. Qf3 Nxf2 30. Qxb7 Qxb7 31. Bxb7 Nd1 32. Bxb6 Rxd2 33. Ba7 Bd4+
0-1

[Event "ASKO Klubbmesterskap 2008 A"]
[Site "Oslo"]
[Date "2008.02.05"]
[Round "1"]
[White "Briseid, Håkon"]
[Black "Einarsen, Kenneth"]
[Result "1-0"]
[WhiteElo "1710"]
[BlackElo "1757"]
[PlyCount "59"]
[EventDate "2008.??.??"]

1. d4 Nf6 2. c4 c5 3. Nf3 cxd4 4. Nxd4 Nc6 5. Nc3 g6 6. e4 d6 7. h3 Bg7 8. Be3
Bd7 9. Be2 O-O 10. O-O Rc8 11. Rc1 a6 12. Kh1 Nxd4 13. Bxd4 Bc6 14. Qd3 e5 15.
Be3 Nxe4 16. Nxe4 f5 17. Nc3 f4 18. Bd2 f3 19. Bxf3 Rxf3 20. gxf3 Qh4 21. Kg2
Rf8 22. Ne4 Rf5 23. Rh1 h6 24. Rce1 Bf8 25. Reg1 Qh5 26. Kf1 Rxf3 27. Qe2 Rf5
28. Rxg6+ Qxg6 29. Rg1 Qxg1+ 30. Kxg1 1-0

[Event "ASKO Klubbmesterskap 2008 A"]
[Site "Oslo"]
[Date "2008.02.05"]
[Round "1"]
[White "Skrondal, Inge Sandstad"]
[Black "Søreng, Eirik"]
[Result "1-0"]
[WhiteElo "2163"]
[BlackElo "1617"]
[PlyCount "93"]
[EventDate "2008.??.??"]

1. d4 d5 2. Nf3 c6 3. c4 e6 4. Qc2 Nf6 5. g3 b6 6. Bg2 Ba6 7. Nbd2 Be7 8. O-O
Nbd7 9. b3 Rc8 10. e4 dxe4 11. Nxe4 c5 12. Rd1 Bb7 13. Nfg5 Bxe4 14. Nxe4 Nxe4
15. Bxe4 cxd4 16. Bxh7 Rc5 17. Be4 Rch5 18. h4 e5 19. Bf3 R5h7 20. Qf5 g6 21.
Qg4 Qc7 22. Re1 Nf6 23. Qh3 Bb4 24. Bg5 Nd7 25. Qg4 f5 26. Qxd4 O-O 27. Qd5+
Rhf7 28. Rf1 e4 29. Bg2 Ne5 30. Rad1 Re8 31. Bf4 Qc5 32. Qxc5 Bxc5 33. Rd5 Ng4
34. Bd6 Nf6 35. Rdd1 e3 36. fxe3 Bxe3+ 37. Kh1 Rh7 38. Bf3 f4 39. Kg2 Nh5 40.
Bxh5 Rxh5 41. Bxf4 Bc5 42. Rfe1 Rf8 43. Re6 Kf7 44. Rc6 Re8 45. Rd7+ Re7 46.
Rxe7+ Bxe7 47. Rc7 1-0

[Event "ASKO Klubbmesterskap 2008 B"]
[Site "Oslo"]
[Date "2008.02.05"]
[Round "1"]
[White "Jensen, Terje"]
[Black "Hjelle, Øyvind"]
[Result "0-1"]
[WhiteElo "1345"]
[BlackElo "1353"]
[PlyCount "90"]
[EventDate "2008.??.??"]

1. c4 Nf6 2. Nc3 e5 3. Nf3 Nc6 4. g3 Bc5 5. Bg2 d6 6. O-O Bf5 7. d3 h6 8. a3 a5
9. e4 Bg4 10. Be3 Nd4 11. Bxd4 Bxd4 12. Qb3 O-O 13. Nxd4 exd4 14. Nd5 Nd7 15.
Nf4 Nc5 16. Qc2 a4 17. Ne2 Nb3 18. Rab1 c5 19. f4 Qa5 20. Rbd1 Rae8 21. f5 f6
22. Bf3 Bxf3 23. Rxf3 b5 24. cxb5 Qxb5 25. Nf4 Rc8 26. Qc4+ Qxc4 27. dxc4 Rb8
28. Rf2 Rb7 29. Rc2 Rfb8 30. Rb1 Na5 31. Kf2 Rb3 32. Nd5 Rxa3 33. bxa3 Rxb1 34.
Ne7+ Kf7 35. Nc8 Nb7 36. Ke2 Rb3 37. Kd2 Rxa3 38. Rb2 Rb3 39. Ra2 Rb4 40. Kd3
Ke8 41. Na7 Na5 42. Nb5 Nxc4 43. Na3 Nxa3 44. Rxa3 Rb3+ 45. Rxb3 axb3 0-1

[Event "ASKO Klubbmesterskap 2008 B"]
[Site "Oslo"]
[Date "2008.02.05"]
[Round "1"]
[White "Paulshus, Anders"]
[Black "Syversrud, Jørn Christian"]
[Result "1/2-1/2"]
[WhiteElo "1211"]
[BlackElo "1235"]
[PlyCount "84"]
[EventDate "2008.??.??"]

1. e4 c5 2. Nf3 d6 3. d4 cxd4 4. Nxd4 Nf6 5. Nc3 g6 6. Bg5 Bg7 7. Qd2 O-O 8. f3
Nc6 9. Nxc6 bxc6 10. Bh6 Be6 11. Bxg7 Kxg7 12. h4 Rb8 13. Na4 a5 14. b3 Qc7 15.
Qc3 Rh8 16. g4 Kg8 17. h5 Nd7 18. h6 f6 19. O-O-O Nb6 20. Nb2 a4 21. g5 Kf7 22.
Nc4 Nxc4 23. Bxc4 Bxc4 24. Qxc4+ e6 25. gxf6 axb3 26. cxb3 Rb5 27. Kb1 Ra8 28.
Rh2 Rba5 29. Rhd2 Rd8 30. Rc1 Rc5 31. Qd4 Rxc1+ 32. Kxc1 Qa5 33. e5 c5 34. Qe4
d5 35. Qe3 Rb8 36. f4 Qa3+ 37. Kd1 c4 38. Rxd5 exd5 39. e6+ Kf8 40. e7+ Kf7 41.
Qe5 Qc5 42. Qxb8 Qd4+ 1/2-1/2

[Event "ASKO Klubbmesterskap 2008 A"]
[Site "Oslo"]
[Date "2008.03.04"]
[Round "3"]
[White "Ali, Karim"]
[Black "Hole, Øystein"]
[Result "0-1"]
[WhiteElo "1575"]
[BlackElo "2360"]
[PlyCount "112"]
[EventDate "2008.??.??"]

1. e4 c6 2. d4 d5 3. exd5 cxd5 4. c4 Nf6 5. Nc3 e6 6. Nf3 Bb4 7. Bd2 Nc6 8. a3
Bxc3 9. Bxc3 dxc4 10. Bxc4 O-O 11. O-O b6 12. Qe2 Bb7 13. Rfd1 Nd5 14. Rac1 Rc8
15. Bd2 Qd6 16. Bg5 Nce7 17. Qe5 Qd7 18. Bh4 Ng6 19. Qe1 Nxh4 20. Nxh4 Rc7 21.
Bd3 Rxc1 22. Rxc1 Nf4 23. Be4 Ba6 24. Rd1 Rd8 25. Nf3 Qa4 26. g3 Nd5 27. Ne5
Nf6 28. Bc6 Bb5 29. b3 Qa6 30. a4 Bxc6 31. Nxc6 Rd6 32. Rc1 Ne8 33. Qc3 h5 34.
Nb8 Qb7 35. Qc8 Qxc8 36. Rxc8 Kf8 37. Nc6 a5 38. Kf1 f6 39. Ke2 Kf7 40. Kd3 g5
41. f4 gxf4 42. gxf4 h4 43. b4 axb4 44. Nxb4 Ng7 45. Rc6 Nf5 46. Rxd6 Nxd6 47.
Na2 Kg6 48. Nc3 Kf5 49. Ne2 Kg4 50. Nc3 Kxf4 51. d5 e5 52. Nb5 e4+ 53. Ke2 Ke5
54. Nc7 f5 55. Na8 Nc4 56. Nc7 f4 0-1

[Event "ASKO Klubbmesterskap 2008 A"]
[Site "Oslo"]
[Date "2008.03.04"]
[Round "3"]
[White "Olsen, Andrei"]
[Black "Søreng, Eirik"]
[Result "0-1"]
[WhiteElo "1525"]
[BlackElo "1617"]
[PlyCount "96"]
[EventDate "2008.??.??"]

1. e4 Nf6 2. e5 Nd5 3. Nc3 Nb6 4. f4 d6 5. Nf3 Bg4 6. Be2 Nc6 7. d4 e6 8. O-O
Be7 9. Be3 O-O 10. a3 a5 11. Nd2 Bxe2 12. Qxe2 dxe5 13. dxe5 Nd4 14. Bxd4 Qxd4+
15. Kh1 Nd5 16. Nxd5 Qxd5 17. Rad1 Qc6 18. Qe4 Qxe4 19. Nxe4 Rfd8 20. g3 Kf8
21. Kg2 f5 22. exf6 gxf6 23. Rfe1 Rd5 24. c4 Rdd8 25. Kf3 Kf7 26. Ke2 c5 27.
Rxd8 Rxd8 28. Rd1 Rd4 29. Rxd4 cxd4 30. Kd3 e5 31. f5 h5 32. c5 Ke8 33. Kc4 Kd7
34. Kb5 Kc7 35. h3 Bd8 36. g4 h4 37. b4 axb4 38. axb4 Be7 39. Kc4 b6 40. Kd5
bxc5 41. bxc5 Kd7 42. c6+ Kc7 43. Ke6 Bd8 44. Kd5 Kb6 45. Kd6 Bc7+ 46. Ke7 Kxc6
47. Kxf6 Kd5 48. Nf2 e4 0-1

[Event "ASKO Klubbmesterskap 2008 A"]
[Site "Oslo"]
[Date "2008.03.04"]
[Round "3"]
[White "Øhman, Kjell Tage"]
[Black "Fredriksen, Jan Gunnar"]
[Result "0-1"]
[WhiteElo "1572"]
[BlackElo "1786"]
[PlyCount "56"]
[EventDate "2008.??.??"]

1. Nf3 d5 2. d4 Nf6 3. c4 e6 4. g3 dxc4 5. Qa4+ Bd7 6. Qxc4 c5 7. dxc5 Qa5+ 8.
b4 Bb5 9. Qb3 Qa6 10. Nc3 Bc4 11. Qa4+ Qxa4 12. Nxa4 Nbd7 13. Bg2 a5 14. Nd2
axb4 15. Nxc4 Rxa4 16. Nd6+ Bxd6 17. cxd6 Nc5 18. Bb2 O-O 19. O-O Rd8 20. Rfc1
b6 21. Rd1 Nfe4 22. Rd4 f5 23. Rdd1 Rxd6 24. f3 Rxd1+ 25. Rxd1 Nc3 26. Rd8+ Kf7
27. Rb8 Rxa2 28. Bxc3 bxc3 0-1

[Event "ASKO Klubbmesterskap 2008 B"]
[Site "Oslo"]
[Date "2008.03.04"]
[Round "3"]
[White "Chikwati, Elvis"]
[Black "Delphin, Nils Håkon"]
[Result "1-0"]
[WhiteElo "1183"]
[BlackElo "1258"]
[PlyCount "43"]
[EventDate "2008.??.??"]

1. Nf3 c5 2. c4 Nc6 3. g3 Nf6 4. Bg2 e6 5. d3 d5 6. Nbd2 Bd6 7. O-O Nd7 8. b3
Qc7 9. Bb2 f6 10. cxd5 exd5 11. Rc1 d4 12. Ne4 a5 13. Ba3 b6 14. Nxd4 Bb7 15.
Nb5 Qb8 16. Nexd6+ Kf8 17. d4 g6 18. Nxb7 Qxb7 19. dxc5 Ndb8 20. cxb6+ Kg7 21.
Nd4 Rd8 22. Ne6+ 1-0

[Event "ASKO Klubbmesterskap 2008 B"]
[Site "Oslo"]
[Date "2008.03.04"]
[Round "3"]
[White "Paulshus, Anders"]
[Black "Hjelle, Øyvind"]
[Result "1/2-1/2"]
[WhiteElo "1211"]
[BlackElo "1353"]
[PlyCount "86"]
[EventDate "2008.??.??"]

1. e4 c5 2. d4 cxd4 3. c3 e6 4. Nf3 Nc6 5. cxd4 d5 6. Bd3 Qc7 7. Nc3 dxe4 8.
Bxe4 Nf6 9. O-O Nxe4 10. Nxe4 Be7 11. a3 O-O 12. Nfg5 f5 13. Nc5 Rf6 14. Re1
Nxd4 15. Be3 Bxc5 16. Bxd4 Rh6 17. Be5 Qe7 18. Bf4 Rg6 19. Qh5 Rh6 20. Qe2 Bd7
21. Rad1 Re8 22. Nf3 Rg6 23. Ne5 Bc6 24. Nxg6 hxg6 25. b4 Bb6 26. Bd6 Qg5 27.
g3 Qh6 28. Qf1 g5 29. h3 f4 30. g4 Qh4 31. Bc5 Bc7 32. Bd6 Bb6 33. Bc5 Bc7 34.
b5 Bf3 35. Rd3 Bxg4 36. hxg4 f3 37. Bd6 Qxg4+ 38. Kh1 Kf7 39. Bxc7 Rh8+ 40. Bh2
Rxh2+ 41. Kxh2 Qh4+ 42. Kg1 Qg4+ 43. Kh1 Qh4+ 1/2-1/2

[Event "ASKO Klubbmesterskap 2008 B"]
[Site "Oslo"]
[Date "2008.03.04"]
[Round "3"]
[White "Olaussen, Atle Gjøran"]
[Black "Syversrud, Jørn Christian"]
[Result "0-1"]
[WhiteElo "1292"]
[BlackElo "1235"]
[PlyCount "108"]
[EventDate "2008.??.??"]

1. e4 e6 2. d4 d5 3. Nd2 dxe4 4. Nxe4 Nf6 5. Bd3 Nbd7 6. Nf3 Be7 7. O-O O-O 8.
c3 c5 9. Re1 cxd4 10. Nxd4 Nc5 11. Nxf6+ Bxf6 12. Bxh7+ Kxh7 13. Qh5+ Kg8 14.
Qxc5 b6 15. Qc4 Bxd4 16. cxd4 Bb7 17. Bf4 Qd5 18. Qxd5 Bxd5 19. a3 Rac8 20.
Rac1 f6 21. f3 Kf7 22. Bc7 b5 23. Rc5 Kg6 24. Rec1 Bc4 25. a4 a6 26. b3 Bxb3
27. axb5 axb5 28. Rxb5 Bd5 29. Rbc5 Ra8 30. Bd6 Rfd8 31. Bf4 Ra4 32. Be3 Rda8
33. Kf2 Ra2+ 34. Kg3 Re2 35. Bf2 Raa2 36. Rf1 Reb2 37. Rcc1 Bb7 38. Ra1 Rxf2
39. Rxf2 Rxa1 40. Kf4 Rd1 41. Ke3 Ba6 42. Rd2 Rxd2 43. Kxd2 Bf1 44. g3 Bc4 45.
Kc3 Bd5 46. f4 Kf5 47. Kd3 Kg4 48. Ke3 Kh3 49. f5 Kxh2 50. Kf4 exf5 51. Kxf5 g5
52. Kxf6 g4 53. Ke5 Bf3 54. Kf4 Kh3 0-1

[Event "ASKO Klubbmesterskap 2008 A"]
[Site "Oslo"]
[Date "2008.04.01"]
[Round "4"]
[White "Hole, Øystein"]
[Black "Olsen, Andrei"]
[Result "1-0"]
[WhiteElo "2360"]
[BlackElo "1525"]
[PlyCount "47"]
[EventDate "2008.??.??"]

1. Nf3 d5 2. d4 Nf6 3. c4 c6 4. Nc3 e6 5. Bg5 dxc4 6. e4 b5 7. e5 h6 8. Bh4 g5
9. Nxg5 hxg5 10. Bxg5 Nbd7 11. g3 Bb7 12. Bg2 Qb6 13. exf6 O-O-O 14. O-O c5 15.
d5 b4 16. Rb1 Qa6 17. dxe6 Bxg2 18. e7 Bxf1 19. Qd5 Bxe7 20. fxe7 Rdg8 21. Ne4
Bd3 22. Nd6+ Kc7 23. Bf4 Qc6 24. Nxc4+ 1-0

[Event "ASKO Klubbmesterskap 2008 A"]
[Site "Oslo"]
[Date "2008.04.01"]
[Round "4"]
[White "Briseid, Håkon"]
[Black "Øhman, Tage"]
[Result "1-0"]
[WhiteElo "1710"]
[BlackElo "1572"]
[PlyCount "61"]
[EventDate "2008.??.??"]

1. d4 e6 2. c4 Nf6 3. Nc3 c5 4. d5 exd5 5. cxd5 d6 6. e4 g6 7. Bd3 Bg7 8. Nge2
O-O 9. O-O a6 10. a4 Nbd7 11. f4 Re8 12. Ng3 Rb8 13. Qf3 Qc7 14. h3 c4 15. Bc2
b5 16. axb5 axb5 17. Be3 Nc5 18. Nce2 Nfxe4 19. Nxe4 Nxe4 20. f5 Qe7 21. fxg6
fxg6 22. Rae1 Nc5 23. Nd4 Bd7 24. Qg3 Be5 25. Qf2 Rf8 26. Nf3 Qg7 27. Bxc5 dxc5
28. Rxe5 Rxf3 29. Qxf3 Qxe5 30. Qf7+ Kh8 31. Qxd7 1-0

[Event "ASKO Klubbmesterskap 2008 A"]
[Site "Oslo"]
[Date "2008.04.01"]
[Round "4"]
[White "Fredriksen, Jan Gunnar"]
[Black "Skrondal, Inge Sandstad"]
[Result "1-0"]
[WhiteElo "1786"]
[BlackElo "2163"]
[PlyCount "75"]
[EventDate "2008.??.??"]

1. e4 c5 2. Nf3 d6 3. b3 Nf6 4. e5 dxe5 5. Nxe5 Qd4 6. Bb5+ Nc6 7. Nxc6 Qxa1 8.
Ne5+ Nd7 9. Nxd7 Bxd7 10. Bxd7+ Kxd7 11. Nc3 g6 12. O-O Bg7 13. Qf3 Rhb8 14.
Ba3 Bxc3 15. Rxa1 Bxa1 16. c3 b6 17. Qd1 Bxc3 18. dxc3+ Ke8 19. g3 Rd8 20. Qf3
Rab8 21. Bc1 Rd7 22. Be3 Rbd8 23. Qe4 Rd6 24. Qb7 R6d7 25. Qe4 Rd6 26. Kg2 f6
27. Qh4 h5 28. Qc4 Rd5 29. a3 Kf7 30. b4 cxb4 31. axb4 R8d7 32. Qa2 Kg7 33. c4
R5d6 34. c5 Rc6 35. b5 Rxc5 36. Bxc5 bxc5 37. Qe6 Rc7 38. Qc6 1-0

[Event "ASKO Klubbmesterskap 2008 A"]
[Site "Oslo"]
[Date "2008.04.01"]
[Round "4"]
[White "Einarsen, Kennth"]
[Black "Ali, Karim"]
[Result "0-1"]
[WhiteElo "1757"]
[BlackElo "1575"]
[PlyCount "62"]
[EventDate "2008.??.??"]

1. Nf3 Nf6 2. c4 g6 3. Nc3 Bg7 4. d4 O-O 5. e4 d6 6. Be2 e5 7. h3 exd4 8. Nxd4
Re8 9. Qd3 Nbd7 10. Bg5 Nc5 11. Qe3 Qd7 12. Bg4 Nxg4 13. hxg4 Qxg4 14. Nde2
Bxc3+ 15. Nxc3 Nxe4 16. Rh4 Qxg5 17. Rxe4 Qxe3+ 18. Rxe3 Rxe3+ 19. fxe3 Be6 20.
Nd5 c6 21. Nc7 Rc8 22. Nxe6 fxe6 23. Ke2 d5 24. Rd1 Kf7 25. e4 Rd8 26. Rf1+ Ke7
27. cxd5 exd5 28. exd5 Rxd5 29. Rf4 Ke6 30. Rf8 Rg5 31. Re8+ Kd7 0-1

[Event "ASKO Klubbmesterskap 2008 B"]
[Site "Oslo"]
[Date "2008.04.01"]
[Round "4"]
[White "Hjelle, Øyvind"]
[Black "Syversrud, Jørn Christian"]
[Result "1-0"]
[WhiteElo "1353"]
[BlackElo "1235"]
[PlyCount "67"]
[EventDate "2008.??.??"]

1. e4 c5 2. Nf3 d6 3. d4 cxd4 4. Nxd4 Nf6 5. Nc3 e5 6. Bb5+ Nbd7 7. Nf5 a6 8.
Bd3 Nc5 9. O-O Bxf5 10. exf5 Be7 11. Bg5 d5 12. Re1 Qd6 13. Be2 Rd8 14. b4 Nce4
15. Nxe4 Nxe4 16. Bxe7 Qxe7 17. a3 Nc3 18. Qd3 Nxe2+ 19. Rxe2 O-O 20. Qg3 f6
21. Rae1 Qd7 22. Qf3 Qc6 23. h3 Rf7 24. Rd1 Rfd7 25. Qg4 Qc4 26. Qh5 Rc7 27.
Rd3 Rdc8 28. Red2 Rd7 29. Rg3 Qc7 30. Rg4 Qc3 31. Re2 Qxa3 32. Rh4 h6 33. Re3
Rdc7 34. Rxa3 1-0

[Event "ASKO Klubbmesterskap 2008 B"]
[Site "Oslo"]
[Date "2008.04.01"]
[Round "4"]
[White "Skjøtskift, Geir"]
[Black "Olaussen, Atle Gjøran"]
[Result "0-1"]
[WhiteElo "1042"]
[BlackElo "1292"]
[PlyCount "76"]
[EventDate "2008.??.??"]

1. e4 e5 2. Nf3 Nc6 3. Bc4 Be7 4. c3 Nf6 5. d3 d6 6. h3 h6 7. O-O O-O 8. Be3
Na5 9. Nbd2 Nxc4 10. Nxc4 Be6 11. Ncd2 c5 12. d4 cxd4 13. cxd4 exd4 14. Nxd4
Qd7 15. f4 Qd8 16. f5 Bd7 17. Qf3 Nh7 18. Bf4 Qb6 19. N2b3 Bf6 20. Qd3 Bb5 21.
Qxb5 Bxd4+ 22. Nxd4 Qxd4+ 23. Kh1 Qxe4 24. Bxd6 Rfc8 25. Rac1 Nf6 26. Rfe1 Rxc1
27. Rxc1 Rd8 28. Qe5 Qd3 29. Be7 Re8 30. Rc7 Nd5 31. Rxb7 Qf1+ 32. Kh2 Nf4 33.
Qe4 Ne2 34. Qe3 Rc8 35. Bc5 Rxc5 36. Qxc5 Qf4+ 37. g3 Qxg3+ 38. Kh1 Qxh3# 0-1

[Event "ASKO Klubbmesterskap 2008 A"]
[Site "Oslo"]
[Date "2008.04.08"]
[Round "5"]
[White "Olsen, Andrei"]
[Black "Einarsen, Kenneth"]
[Result "1/2-1/2"]
[WhiteElo "1533"]
[BlackElo "1757"]
[PlyCount "43"]
[EventDate "2008.??.??"]

1. Nc3 c5 2. e4 Nc6 3. Bb5 d6 4. Nf3 Bd7 5. O-O Nf6 6. Re1 a6 7. Bf1 e5 8. Nd5
Nxd5 9. exd5 Ne7 10. c4 Ng6 11. d4 cxd4 12. Nxd4 Be7 13. Nf3 O-O 14. a4 f5 15.
Bd2 Bf6 16. Bc3 Qc7 17. a5 e4 18. Nd4 Ne5 19. Qb3 Rae8 20. Qb6 Qb8 21. Rad1 Ng4
22. h3 1/2-1/2

[Event "ASKO Klubbmesterskap 2008 A"]
[Site "Oslo"]
[Date "2008.04.08"]
[Round "5"]
[White "Skrondal, Inge Sandstad"]
[Black "Briseid, Håkon"]
[Result "0-1"]
[WhiteElo "2171"]
[BlackElo "1756"]
[PlyCount "68"]
[EventDate "2008.??.??"]

1. Nf3 b6 2. g3 Bb7 3. Bg2 c5 4. c4 e6 5. O-O Nf6 6. Nc3 Be7 7. Re1 d6 8. e4 a6
9. d4 cxd4 10. Nxd4 Qc7 11. Be3 Nbd7 12. Rc1 O-O 13. f4 Rfe8 14. g4 Nc5 15. Bf2
g6 16. f5 exf5 17. gxf5 Bd8 18. Qc2 Ng4 19. Nd5 Bxd5 20. exd5 Bf6 21. fxg6 hxg6
22. Rxe8+ Rxe8 23. Ne6 Qe7 24. Nxc5 bxc5 25. Bg3 Qe3+ 26. Kh1 Be5 27. Re1 Bxg3
28. Rxe3 Rxe3 29. Bf1 Re1 30. Qc3 Rxf1+ 31. Kg2 Be5 32. Qa5 Ne3+ 33. Kh3 Rf5
34. Qd8+ Kg7 0-1

[Event "ASKO Klubbmesterskap 2008 A"]
[Site "Oslo"]
[Date "2008.04.08"]
[Round "5"]
[White "Ali, Karim"]
[Black "Fredriksen, Jan Gunnar"]
[Result "0-1"]
[WhiteElo "1575"]
[BlackElo "1787"]
[PlyCount "84"]
[EventDate "2008.??.??"]

1. e4 e5 2. Nf3 Nf6 3. d4 Nxe4 4. Nxe5 d6 5. Nf3 d5 6. Bd3 Bb4+ 7. c3 Bd6 8.
O-O O-O 9. c4 c6 10. Nc3 Nxc3 11. bxc3 dxc4 12. Bxc4 Bg4 13. h3 Bh5 14. Re1 Nd7
15. g4 Bg6 16. Bg5 Qc7 17. h4 h6 18. h5 Bh7 19. Bh4 Nb6 20. Bb3 Nd5 21. c4 Nf6
22. Bxf6 gxf6 23. c5 Bf4 24. Nh4 Bg5 25. Ng2 f5 26. Qf3 Qd7 27. gxf5 Qxd4 28.
Rad1 Qxc5 29. Qg3 Rfe8 30. Kh2 Kf8 31. Qc7 Qxf5 32. f4 Be7 33. Rd7 Qxh5+ 34.
Kg3 Qg6+ 35. Kf3 Qf6 36. Re5 Bf5 37. Ne3 Bxd7 38. Qxd7 Rad8 39. Qg4 Bd6 40. Rf5
Rxe3+ 41. Kxe3 Qc3+ 42. Ke2 Re8+ 0-1

[Event "ASKO Klubbmesterskap 2008 B"]
[Site "Oslo"]
[Date "2008.04.08"]
[Round "5"]
[White "Olaussen, Atle Gjøran"]
[Black "Hjelle, Øyvind"]
[Result "1-0"]
[WhiteElo "1308"]
[BlackElo "1353"]
[PlyCount "67"]
[EventDate "2008.??.??"]

1. d4 Nf6 2. c4 c5 3. d5 b5 4. cxb5 a6 5. Nc3 g6 6. e4 d6 7. Bd3 Bg7 8. Nge2
Nbd7 9. bxa6 Bxa6 10. Bxa6 Rxa6 11. O-O Qb6 12. Qc2 Ne5 13. b3 O-O 14. Bb2 Nfg4
15. h3 Nh6 16. Na4 Qa7 17. f4 Nd7 18. Bxg7 Kxg7 19. Kh1 f5 20. Qc3+ Nf6 21. Ng3
Kg8 22. Qc4 Qd7 23. Qxa6 fxe4 24. Nc3 Nf5 25. Nxf5 Qxf5 26. Qe2 Nh5 27. Kh2
Nxf4 28. Qxe4 Qg5 29. Qf3 Rf5 30. Ne4 Qh4 31. Qg3 Qh6 32. Rf2 Nh5 33. Qg4 Rxd5
34. Qe6+ 1-0

[Event "ASKO Klubbmesterskap 2008 B"]
[Site "Oslo"]
[Date "2008.04.08"]
[Round "5"]
[White "Paulshus, Anders"]
[Black "Jensen, Terje"]
[Result "1/2-1/2"]
[WhiteElo "1224"]
[BlackElo "1355"]
[PlyCount "52"]
[EventDate "2008.??.??"]

1. e4 c5 2. d4 cxd4 3. c3 Nc6 4. Nf3 e6 5. Bf4 Nf6 6. Bd3 d5 7. Bg5 Be7 8. e5
Nd7 9. Bxe7 Qxe7 10. cxd4 Nxd4 11. Nbd2 Nc6 12. Qe2 Nc5 13. Bc2 Bd7 14. Nb3 Nb4
15. O-O Nxc2 16. Qxc2 Nxb3 17. Qxb3 O-O 18. Nd4 Bc6 19. Rac1 Rfc8 20. f4 f5 21.
a3 Rc7 22. Qh3 Rac8 23. Rc3 Bd7 24. Rfc1 Rxc3 25. Rxc3 Rxc3 26. Qxc3 Qd8
1/2-1/2

[Event "ASKO Klubbmesterskap 2008 B"]
[Site "Oslo"]
[Date "2008.04.08"]
[Round "5"]
[White "Syversrud, Jørn Christian"]
[Black "Chikwati, Elvis"]
[Result "1-0"]
[WhiteElo "1235"]
[BlackElo "1183"]
[PlyCount "104"]
[EventDate "2008.??.??"]

1. d4 e6 2. Bf4 f5 3. Nf3 Nf6 4. e3 Be7 5. Bd3 d5 6. c4 c6 7. Nc3 O-O 8. O-O
Qe8 9. Rc1 Qh5 10. Ne5 Nbd7 11. Qxh5 Nxh5 12. Nxd7 Bxd7 13. Be5 Rac8 14. a4 a5
15. f4 Nf6 16. Bxf6 Bxf6 17. c5 Rb8 18. b3 b5 19. Rb1 Rb7 20. Rfc1 Rfb8 21. Kf2
Be8 22. h3 b4 23. Ne2 Bh5 24. Ng1 g5 25. g3 gxf4 26. gxf4 Bh4+ 27. Kf1 Rg7 28.
Rb2 Kh8 29. Rg2 Rbg8 30. Rxg7 Rxg7 31. Be2 Bf7 32. Bf3 Rg3 33. Rc2 Kg7 34. Rg2
Kh6 35. Rxg3 Bxg3 36. Kg2 Bh4 37. Be2 Bh5 38. Bxh5 Kxh5 39. Nf3 Bf6 40. Kg3 h6
41. Kg2 Bg7 42. Ne1 Bf6 43. Nd3 Kh4 44. Nxb4 Bd8 45. Nxc6 Bc7 46. b4 axb4 47.
Nxb4 h5 48. Nc6 e5 49. Kf3 e4+ 50. Kf2 Kxh3 51. a5 Bxf4 52. exf4 Kg4 1-0

[Event "ASKO Klubbmesterskap 2008 A"]
[Site "Oslo"]
[Date "2008.04.15"]
[Round "6"]
[White "Fredriksen, Jan Gunnar"]
[Black "Olsen, Andrei"]
[Result "1-0"]
[WhiteElo "1787"]
[BlackElo "1533"]
[PlyCount "93"]
[EventDate "2008.??.??"]

1. Nh3 d5 2. g3 Nf6 3. Bg2 c6 4. f4 h5 5. Nf2 h4 6. e4 hxg3 7. hxg3 Rxh1+ 8.
Bxh1 dxe4 9. Qe2 Qb6 10. Nc3 Bf5 11. Ncxe4 Nxe4 12. Bxe4 Bxe4 13. Qxe4 Nd7 14.
Qe3 O-O-O 15. Qxb6 Nxb6 16. b3 g5 17. fxg5 Bg7 18. c3 Be5 19. g4 Bg3 20. Ke2
Bxf2 21. Kxf2 Rd3 22. c4 Nd7 23. Ke2 Rg3 24. d4 Rxg4 25. Be3 Rg2+ 26. Kf3 Rh2
27. Bf4 Rh8 28. Re1 Kd8 29. Kg4 e6 30. Re2 a6 31. Rd2 Rg8 32. Kf3 f6 33. gxf6
Nxf6 34. Rh2 Nd7 35. Rh7 Re8 36. Bd6 Rg8 37. a4 Re8 38. Rg7 Rh8 39. Kf4 b5 40.
axb5 axb5 41. c5 Rh4+ 42. Kg5 Rh8 43. Kg6 Re8 44. Be5 Nxe5+ 45. dxe5 Re7 46.
Rxe7 Kxe7 47. b4 1-0

[Event "ASKO Klubbmesterskap 2008 A"]
[Site "Oslo"]
[Date "2008.04.15"]
[Round "6"]
[White "Briseid, Håkon"]
[Black "Ali, Karim"]
[Result "1-0"]
[WhiteElo "1756"]
[BlackElo "1575"]
[PlyCount "45"]
[EventDate "2008.??.??"]

1. d4 d5 2. c4 dxc4 3. e4 Nf6 4. e5 Nd5 5. Bxc4 Nc6 6. Nf3 e6 7. O-O Be7 8. Nc3
Nb6 9. Bb3 Na5 10. Bc2 Bd7 11. Ne4 Bc6 12. b3 Nd5 13. Nfg5 h6 14. Qh5 g6 15.
Qh3 Nb4 16. Nxe6 fxe6 17. Qxe6 Bxe4 18. Bxe4 Qd7 19. Qxg6+ Kd8 20. Bxh6 Nd5 21.
Qg7 Rf8 22. Qh7 Rf4 23. Qg8+ 1-0

[Event "ASKO Klubbmesterskap 2008 A"]
[Site "Oslo"]
[Date "2008.04.15"]
[Round "6"]
[White "Einarsen, Kenneth"]
[Black "Søreng, Eirik"]
[Result "1-0"]
[WhiteElo "1757"]
[BlackElo "1633"]
[PlyCount "105"]
[EventDate "2008.??.??"]

1. e4 c6 2. d4 Qc7 3. c4 d6 4. Nc3 Nd7 5. Nf3 e5 6. d5 Ngf6 7. Bd3 Be7 8. O-O
O-O 9. Bd2 Re8 10. b4 Nf8 11. Qb3 Ng6 12. dxc6 bxc6 13. c5 Be6 14. Bc4 Bxc4 15.
Qxc4 dxc5 16. b5 Nh5 17. bxc6 Nhf4 18. Nd5 Qxc6 19. Bxf4 exf4 20. Nd4 Qc8 21.
Nf5 Bf8 22. Rad1 Ne5 23. Qc3 Qc6 24. Rfe1 g6 25. Nfe7+ Rxe7 26. Nxe7+ Bxe7 27.
Qxe5 Bf6 28. Qxf4 Bd4 29. Qc1 Qa4 30. Qb1 Re8 31. Qb3 Qc6 32. Qc2 Qe6 33. h3 h5
34. Rb1 Qc6 35. Qd3 Rd8 36. Qb5 Qf6 37. Re2 Qf4 38. Qc4 h4 39. Rb3 Be5 40. g3
hxg3 41. Rxg3 Qf6 42. Rg4 Bd4 43. Kg2 Qb6 44. h4 Rd6 45. h5 Kg7 46. Qb3 Qa6 47.
Rd2 c4 48. Qb8 c3 49. h6+ Kh7 50. Rxd4 Qe2 51. Qxd6 Qxg4+ 52. Qg3 Qe2 53. Qxc3
1-0

[Event "ASKO Klubbmesterskap 2008 B"]
[Site "Oslo"]
[Date "2008.04.15"]
[Round "6"]
[White "Skjøtskift, Geir"]
[Black "Hjelle, Øyvind"]
[Result "0-1"]
[WhiteElo "1042"]
[BlackElo "1353"]
[PlyCount "68"]
[EventDate "2008.??.??"]

1. e4 c5 2. Nf3 e6 3. d4 cxd4 4. Nxd4 a6 5. Nc3 Qc7 6. Bd2 Nc6 7. Nxc6 bxc6 8.
Bd3 Nf6 9. f4 Be7 10. e5 Nd5 11. Nxd5 cxd5 12. Qg4 g6 13. h4 h5 14. Qg3 Bb7 15.
O-O-O d4 16. Rhg1 Bd5 17. a3 Qb6 18. c4 Rc8 19. Be2 Bxc4 20. Bxc4 Rxc4+ 21. Kb1
Ra4 22. Ka2 Rc4 23. Qd3 Qc6 24. g3 O-O 25. g4 Qd5 26. b3 Ra4 27. Bc1 Rc8 28.
Bb2 Rc3 29. Bxc3 Rxa3+ 30. Kb1 Qxb3+ 31. Bb2 Qa2+ 32. Kc2 Rxd3 33. Rxd3 Qc4+
34. Kd2 Bb4+ 0-1